Public Religion in Central and Eastern Europe Towards an Investigation of José Casanova’s theory /

Elmentve itt :
Bibliográfiai részletek
Szerző: Máté-Tóth András
Dokumentumtípus: Cikk
Megjelent: 2022
Sorozat:Wuhan Journal of Cultic Studies 2 No. 1
Tárgyszavak:
mtmt:33299039
Online Access:http://publicatio.bibl.u-szeged.hu/26744
LEADER 00755nab a2200205 i 4500
001 publ26744
005 20230314090952.0
008 230314s2022 hu o 0|| Angol d
022 |a 2766-7588 
024 7 |a 33299039  |2 mtmt 
040 |a SZTE Publicatio Repozitórium  |b hun 
041 |a Angol 
100 2 |a Máté-Tóth András 
245 1 0 |a Public Religion in Central and Eastern Europe   |h [elektronikus dokumentum] :  |b Towards an Investigation of José Casanova’s theory /  |c  Máté-Tóth András 
260 |c 2022 
300 |a 20 
300 |a 1-20 
490 0 |a Wuhan Journal of Cultic Studies  |v 2 No. 1 
650 4 |a Filozófia, etika és vallástudományok 
856 4 0 |u http://publicatio.bibl.u-szeged.hu/26744/1/PublicreligionWuhan2022.pdf  |z Dokumentum-elérés